000 00540nam a2200181Ia 4500
008 090123s9999 xx 000 0 und d
082 _b20394
100 _aतुपे उत्तम बंडु
245 _aकोंबारा
250 _a1
260 _bशशीदिप प्रकाशन
_c1991
300 _a187
600 _aतुपे उत्तम बंडु
630 _aकोंबारा
700 _aतुपे उत्तम बंडु
730 _aकोंबारा
942 _cBOOK
999 _c58466
_d58466